000 00319nam a2200121Ia 4500
008 240624s9999 xx 000 0 und d
041 _aeng
082 _a158.5 COH
100 _aCOHEN HERB
245 _aYOU CAN NEGOTIATE ANYTHING HOW TO GET WH
260 _aMumbai
_bJaico Publishing House
300 _a192 : p. : cm. ; 18
999 _c5380
_d5380